1791 1717 1076 1003 1269 1110 1638 1856 1879 1155 1793 1691 1035 1619 1729 1674 1552 1199 1832 1671 1903 1624 1186 1772 1794 1929 1484 1704 1578 1516 1477 1826 1581 1658 1227 1515 1109 1670 1619 1362 1368 2000 1910 1371 1026 1794 1077 1532 1644 1071 1519 1001 1725 1925 1112 1756 1577 1332 1458 1974 1591 1989 1386 1327 1710 1901 1985 1857 1573 1053 1068 1166 1564 1132 1202 1508 1873 1461 1016 1289 1186 1956 1092 1881 1595 1351 1744 1308 1016 1330 1546 1011 1334 1679 1261 1077 1158 1619 1847 BCNSPRNW ULIB Ver.6.0+V

เปลี่ยนเป็นภาษาไทย

Change to English
 แสดงรายละเอียดบรรณานุกรม
  กลับหน้าหลัก

Brief Record : Get Marc (ISO 2709) : E-mail record : QR code < ปิดหน้าต่าง
LEADER : 00000nam 2200000uu 4500
001    13399114781
003     ULIB
008    120517s2551||||th 000 0 tha d
020    ^a9789740322306
050  4 ^aLB1025.3^bพ718ท 2551
100 0  ^aพิมพันธ์ เดชะคุปต์
245 10 ^aทักษะ 5 C เพื่อการพัฒนาหน่วยการเรียนรู้และการจัดการการเรียนการสอนแบบบูรณาการ /^cโดยพิมพันธ์ เดชะคุปต์, พเยาว์ ยินดีสุข
250    ^aพิมพ์ครั้งที่ 6 ฉบับปรับปรุง
260    ^aกรุงเทพฯ :^bภาควิชาหลักสูตรการสอนและเทคโนโลยีการศึกษาคณะครุศาสตร์ จุฬาลงกรณ์มหาวิทยาลัย,^c2551
300    ^a235 หน้า :^bภาพประกอบ,^c21 ซม.
650  4 ^aการสอน
700 0  ^aพเยาว์ ยินดีสุข
710 2  ^aจุฬาลงกรณ์มหาวิทยาลัย. ^bคณะครุศาสตร์.^bภาควิชาหลักสูตรการสอนและเทคโนโลยีการศึกษา
945    ^p195^l0^i19068
945    ^p195^l0^i19069
945    ^p195^l0^i19070
945    ^p195^l0^i19071
945    ^p195^l0^i19072
995    ^aกัณชพร
999 ^a ใช้งานได้ทุกระบบ
รายการนี้ยังไม่มีแท็ก
คุณยังไม่ได้ล็อกอิน คุณสามารถมีกิจกรรมร่วมกับเว็บไซต์ได้ แต่ต้องล็อกอินก่อน ::
  ล็อกอิน

รายการสื่อสารสนเทศ

ลำดับที่ ประเภท เลขเรียก/บาร์โค้ด สถานที่ สถานะ
- ไม่พบข้อมูล -

รายการใกล้เคียง
    ผู้แต่ง [พิมพันธ์ เดชะคุปต์]

    หัวเรื่อง [การสอน]

BibComment


ยังไม่เคยถูกคอมเมนท์

คอมเมนท์ทรัพยากรรายการนี้
  คอมเมนท์: ทักษะ 5 C เพื่อก..


 Copyright 2026. Bcnsprnw @Library